| Record ID | marc_loc_updates/v37.i10.records.utf8:800003:1636 |
| Source | Library of Congress |
| Download Link | /show-records/marc_loc_updates/v37.i10.records.utf8:800003:1636?format=raw |
LEADER: 01636cam a2200301 4500
001 70581198
003 DLC
005 20090305120100.0
008 840503m19009999fr b 001 0 fre
010 $a 70581198
020 $a2251003967 (t. 5, 1re ptie)
020 $a2251004904 (t. 4, 3e ptie)
040 $aDLC$cDLC$dDLC
041 0 $afregrc
043 $ae------$aff-----$aaw-----
050 00 $aR126$b.H552
082 00 $a610$219
100 0 $aHippocrates.
240 10 $aWorks.$lFrench & Greek.$f1970
245 10 $aHippocrate ...$b[Œuvres.]
260 $aParis,$bles Belles lettres,$c<1970-2000 >
300 $av. < 2, pt. 1-3; 4, pt. 3; 5, pt. 1; 6, pt. 1-2; 8, 10, pt. 2; 11; 13 >$c20 cm.
440 0 $aCollection des universités de France,$x0184-7155
500 $aText in Greek and French, with critical matter in French.
500 $aEditor varies.
504 $aIncludes bibliographical references and indexes.
505 1 $a--t. 2, 1re ptie. De l'ancienne médicine -- t. 2, 2e ptie. Airs, eaux, lieux -- t. 3, 3e ptie. La maladie sacrée -- t. 4, 3e ptie. Épideémies V et VII. -- t. 5, 1re ptie. Des vents, De l'art. -- t. 6, 1re ptie. Du régime -- t. 6, 2e ptie. Du régime des maladies arguës. Appendice. De l'aliment. De l'usage des liquides -- t. 8, Plaies, nature des os, coeur, anatomie --t. 10, 2e ptie. Maladies II.--t. 11. De la génération. De la nature de l'enfant. Des maladies IV. Du fœtus de huit mois. --t. 13. Des lieux dans l'homme. Du système des glandes. Des fistules. Des hémorroïdes. De la vision. Des chairs. De la dentition.
650 0 $aMedicine, Greek and Roman.